000
00271nam a22001217a 4500
040
_c
HS
082
_a
630 COL 2000 C278
100
_a
M. COLLINSON
245
_a
A history of farming systems research
260
_a
UK
_b
M. COLLINSON
_c
2000
300
_a
432p;
942
_c
EK
999
_c
11244
_d
11244